The mapping class group from the viewpoint of measure equivalence theory /

Guardado en:
Autor Principal: Kida, Yoshikata, 1982-
Formato: Libro
Idioma:English
Publicado: Providence, R.I. : American Mathematical Society, 2008.
Series:Memoirs of the American Mathematical Society ; no. 916.
Materias:
Acceso en línea:Table of contents only
Etiquetas: Agregar Etiqueta
Sin Etiquetas, Sea el primero en etiquetar este registro!
LEADER 01259cam a2200301 a 4500
001 MAT.inmabb006120
008 080708s2008####riua#####b####001#0#eng##
005 20110901131451.0
245 1 4 |a The mapping class group from the viewpoint of measure equivalence theory /  |c Yoshikata Kida. 
260 |a Providence, R.I. :  |b American Mathematical Society,  |c 2008. 
300 |a vii, 190 p. :  |b il. ;  |c 26 cm. 
490 1 |a Memoirs of the American Mathematical Society,  |x 0065-9266 ;  |v no. 916 
500 |a "November 2008, volume 196, number 916 (third of 5 numbers)." 
504 |a Incluye referencias bibliográficas (p. 183-186) e índice. 
510 4 |a MR,  |c 2009h:37010 
020 |a 9780821841969 (alk. paper) 
020 |a 0821841963 (alk. paper) 
100 1 |a Kida, Yoshikata,  |d 1982- 
830 0 |a Memoirs of the American Mathematical Society ;  |v no. 916. 
650 0 |a Mappings (Mathematics) 
650 0 |a Class groups (Mathematics) 
650 0 |a Measure theory. 
084 |a 37A20 (20F38 28D15 37A35 57M60)  |2 MR 
010 |a  2008030042 
016 7 |a 014822491  |2 Uk 
040 |a DLC  |c DLC  |d YDX  |d BTCTA  |d YDXCP  |d UKM  |d CDX  |d DLC 
856 4 1 |3 Table of contents only  |u http://www.loc.gov/catdir/toc/ecip0822/2008030042.html 
859 |k H  |p MEM-916  |v 916  |b BIB. MATEMATICA